The Law of South Africa : Criminal Law / (Record no. 1288)
[ view plain ]
| 000 -LEADER | |
|---|---|
| fixed length control field | 00571nam a22001817a 4500 |
| 005 - DATE AND TIME OF INPUT | |
| control field | 20240124091634.0 |
| 008 - DATA ELEMENTS--GENERAL INFORMATION | |
| fixed length control field | 240124b |||||||| |||| 00| 0 eng d |
| 020 ## - INTERNATIONAL STANDARD BOOK NUMBER | |
| International Standard Book Number | 0409004480 ; 040900460 X |
| 041 ## - LANGUAGE CODE | |
| Language code of text | English |
| 082 ## - SHELF NUMBER | |
| DDC number | 349 JOU |
| 100 ## - MAIN AUTHOR | |
| Main author's name | Joubert, WA |
| Language of a work | English |
| 245 ## - TITLE STATEMENT | |
| Title | The Law of South Africa : Criminal Law / |
| Statement of responsibility, etc. | WA Joubert |
| 250 ## - EDITION STATEMENT | |
| Edition statement | First Reissue |
| 260 ## - PUBLICATION, DISTRIBUTION, ETC. | |
| Place of publication, distribution, etc. | Durban : |
| Name of publisher, distributor, etc. | Butterworth Publishers (Pty) Ltd, |
| Date of publication, distribution, etc. | 1996 |
| 300 ## - PHYSICAL DESCRIPTION | |
| Other physical details | vii, 617 pages ; |
| Dimensions | 26 cm. |
| 650 ## - SUBJECT` | |
| Broad subject | Legal practice |
| Own subject terms | Law |
| 942 ## - ADDED ENTRY ELEMENTS (KOHA) | |
| Item type | Books |
| 942 ## - ADDED ENTRY ELEMENTS (KOHA) | |
| -- | ALISON_BN_VRIES |
No items available.
